都道府県庁(西から東) - Statistics

General Stats
  • This quiz has been taken 441 times
  • The average score is 39 of 47
Answer Stats
都道府県名 東経 % Correct
沖縄県 127°40′51″
100%
長崎県 129°52′02″
99%
佐賀県 130°17′57″
98%
福岡県 130°25′05″
98%
鹿児島県 130°33′29″
97%
宮崎県 131°25′26″
97%
熊本県 130°44′30″
96%
山口県 131°28′17″
96%
大分県 131°36′45″
94%
広島県 132°27′35″
94%
愛媛県 132°45′58″
94%
島根県 133°03′02″
94%
高知県 133°31′52″
94%
岡山県 133°56′06″
93%
香川県 134°02′36″
93%
鳥取県 134°14′18″
92%
徳島県 134°33′34″
92%
和歌山県 135°10′03″
91%
兵庫県 135°10′59″
91%
大阪府 135°31′12″
91%
京都府 135°45′20″
90%
奈良県 135°49′58″
90%
滋賀県 135°52′06″
89%
福井県 136°13′18″
89%
三重県 136°30′31″
89%
石川県 136°37′32″
87%
岐阜県 136°43′20″
87%
愛知県 136°54′24″
86%
富山県 137°12′41″
85%
長野県 138°10′51″
85%
静岡県 138°22′59″
84%
山梨県 138°34′06″
83%
新潟県 139°01′24″
82%
群馬県 139°03′39″
80%
神奈川県 139°38′33″
77%
埼玉県 139°38′56″
74%
東京都 139°41′30″
74%
栃木県 139°53′01″
73%
秋田県 140°06′09″
66%
千葉県 140°07′23″
65%
山形県 140°21′48″
62%
茨城県 140°26′49″
60%
福島県 140°28′04″
58%
北海道 141°20′49″
55%
青森県 140°44′24″
54%
宮城県 140°52′20″
54%
岩手県 141°09′10″
53%
No matching quizzes found
Score Distribution
Percent of People with Each Score
Percentile by Number Answered
Your Score History
You have not taken this quiz